Introducción al pensamiento sistémico (Registro nro. 10836)

000 -CABECERA
Campo de control de longitud fija 01851nam a22003737a 4500
003 - IDENTIFICADOR DEL NÚMERO DE CONTROL
Campo de control OSt
005 - FECHA Y HORA DE LA ÚLTIMA TRANSACCIÓN
Campo de control 20260413162129.0
008 - CÓDIGOS DE INFORMACIÓN DE LONGITUD FIJA
Campo de control de longitud fija 260413t2017 xxu||||| |||| 00| 0 spa d
020 ## - NÚMERO INTERNACIONAL NORMALIZADO PARA LIBROS (ISBN)
Número Internacional Normalizado para Libros (ISBN) 9789587656084
020 ## - NÚMERO INTERNACIONAL NORMALIZADO PARA LIBROS (ISBN)
Número Internacional Normalizado para Libros (ISBN) 9789586706353
040 ## - FUENTE DE LA CATALOGACIÓN
Centro catalogador de origen Unicoc
Lengua de catalogación spa
Centro que cataloga Bogotá (Dr. David Ordóñez Rueda) - Campus Norte
Centro modificador Bogotá (Dr. David Ordóñez Rueda) - Campus Norte
082 ## - NÚMERO DE LA CLASIFICACIÓN DECIMAL DEWEY
Número de clasificación 003.5
100 ## - PUNTO DE ACCESO PRINCIPAL - NOMBRE DE PERSONA
9 (RLIN) 12913
Nombre de persona Osorio Gómez, Juan Carlos
245 ## - MENCIÓN DE TÍTULO
Título Introducción al pensamiento sistémico
Mención de responsabilidad etc. / Juan Carlos Osorio Gómez
250 ## - MENCIÓN DE EDICIÓN
Mención de edición 1 Ed.
260 ## - PUBLICATION, DISTRIBUTION, ETC. (IMPRINT)
Lugar de publicación distribución etc. Cali :
Nombre del editor distribuidor etc. Universidad del Valle ,
Fecha de publicación distribución etc. [2017]
300 ## - DESCRIPCIÓN FÍSICA
Extensión 121 páginas
Otras características físicas Ilustraciones
440 ## - MENCIÓN DE SERIE
9 (RLIN) 12914
Título Colección Ingeniería
440 ## - MENCIÓN DE SERIE
9 (RLIN) 6501
Título Colección libros de investigación
500 ## - NOTA GENERAL
Nota general Incluye Bibliografía
505 ## - NOTA DE CONTENIDO CON FORMATO
Título Introducción: “Un vendedor mentiroso que no sabía nada de sistemas”. --
-- Introducción al mundo sistémico. --
-- Teoría general de sistemas. --
-- Conceptos básicos de la teoría de sistemas. --
-- El pensamiento sistémico, un pensamiento en círculos. --
-- Leyes y obstáculos del pensamiento sistémico. --
-- Las organizaciones y el pensamiento sistémico. --
-- Modelos mentales. --
-- La metodología de los sistemas blandos. --
-- Introducción a la dinámica de sistema.
526 ## - NOTA DE INFORMACIÓN SOBRE EL PROGRAMA DE ESTUDIO
Institución que aplica el campo Unicoc
546 ## - NOTA DE LENGUA
Nota de lengua Español
650 #0 - PUNTO DE ACCESO ADICIONAL DE MATERIA - TÉRMINO DE MATERIA
9 (RLIN) 6435
Término de materia o nombre geográfico como elemento inicial Teoría de sistemas
650 #0 - PUNTO DE ACCESO ADICIONAL DE MATERIA - TÉRMINO DE MATERIA
9 (RLIN) 6792
Término de materia o nombre geográfico como elemento inicial Análisis de sistemas.
650 #0 - PUNTO DE ACCESO ADICIONAL DE MATERIA - TÉRMINO DE MATERIA
9 (RLIN) 12916
Término de materia o nombre geográfico como elemento inicial Pensamiento sistémico
650 #0 - PUNTO DE ACCESO ADICIONAL DE MATERIA - TÉRMINO DE MATERIA
9 (RLIN) 12917
Término de materia o nombre geográfico como elemento inicial Sistemas dinámicos
650 #0 - PUNTO DE ACCESO ADICIONAL DE MATERIA - TÉRMINO DE MATERIA
9 (RLIN) 4353
Término de materia o nombre geográfico como elemento inicial Teoría del conocimiento.
658 #0 - TÉRMINO DE INDIZACIÓN - OBJETIVO CURRICULAR
9 (RLIN) 8382
Programa Académico Programa de Administración de Empresas
658 #0 - TÉRMINO DE INDIZACIÓN - OBJETIVO CURRICULAR
9 (RLIN) 8220
Programa Académico Programa de Ingeniería de Sistemas
658 #0 - TÉRMINO DE INDIZACIÓN - OBJETIVO CURRICULAR
9 (RLIN) 8260
Programa Académico Programa de Ingeniería Industrial
856 ## - LOCALIZACIÓN Y ACCESO ELECTRÓNICOS
Texto del enlace Acceso online exclusivo para comunidad Unicoc.
Identificador Uniforme del Recurso (URI) https://unicoceduco-my.sharepoint.com/:b:/g/personal/direccionbiblioteca_unicoc_edu_co/IQAdVuBnVR7TS6Uaz6rnMx6pAd2YggZfg81Ou_V1VLBOU00
942 ## - ENTRADA PARA ELEMENTOS AGREGADOS (KOHA)
Fuente de clasificación o esquema de ordenación en estanterías
Koha [por defecto] tipo de item Libro electrónico
Existencias
Localización permanente Código de barras Precio Fuente de adquisición Fecha de adquisición Fuente de clasificación o esquema de ordenación en estanterías Fecha del precio de reemplazo Código de colección Tipo de item de Koha Fecha última consulta Localización actual Estado de pérdida Estropeado No para préstamo Signatura completa
Bogotá (Dr. David Ordóñez Rueda) - Campus NorteEbook10836200000.00Compra2026-04-13 2026-04-13Coleccion OnlineLibro electrónico2026-04-13Bogotá (Dr. David Ordóñez Rueda) - Campus Norte   003.5

© 2014 UNICOC | Institución Universitaria Colegios de Colombia - UNICOC
Bogotá D.C. Autopista Norte Km. 20. Teléfono:(571)6683535
Cali: Calle 13 Norte No. 3N-13. Teléfono: (572)6608887

Con tecnología de Koha